Catálogo
 En Linea

Historia universal de las exploraciones : (Registro nro. 36168)

Detalles MARC
000 -CABECERA
campo de control de longitud fija 00948nam a2200181 a 4500
001 - NÚMERO DE CONTROL
campo de control 000036677
005 - FECHA Y HORA DE LA ÚLTIMA TRANSACCIÓN
campo de control 20200930075852.0
008 - DATOS DE LONGITUD FIJA--INFORMACIÓN GENERAL
campo de control de longitud fija 120124s1968 es abc 000 0 spa d
040 ## - FUENTE DE LA CATALOGACIÓN
Centro catalogador/agencia de origen DO-SdBNP
Lengua de catalogación spa
Centro/agencia transcriptor BNPHU
245 00 - MENCIÓN DE TÍTULO
Título Historia universal de las exploraciones :
Nombre de parte o sección de la obra El tiempo de los grandes veleros /
Mención de responsabilidad, etc. publicada bajo la dirección de L.-H. Parias ; prefacio de Lucien Febvre.
260 ## - PUBLICACIÓN, DISTRIBUCIÓN, ETC.
Lugar de publicación, distribución, etc. Madrid :
Nombre del editor, distribuidor, etc. Espasa-Calpe,
Fecha de publicación, distribución, etc. 1968.
300 ## - DESCRIPCIÓN FÍSICA
Extensión 376 p. :
Otras características físicas il., map., retrs. ;
Dimensiones 24 cm.
500 ## - NOTA GENERAL
Nota general La biblioteca posee el v. 3
505 0# - NOTA DE CONTENIDO CON FORMATO
Información miscelánea v. 1 -
Título La prehistoria al fin de la edad media. --
Información miscelánea v. 2-
Título El renacimiento [1415-1600]. --
Información miscelánea v. 3 -
Título El tiempo de los grandes veleros /
Mención de responsabilidad Pierre Jacques Charllat
Información miscelánea v. 4 -
Título Epoca contemporánea. --
Información miscelánea v. 5 -
Título Exploración del sistema solar. --
Información miscelánea v. 6 -
Título La exploración de la luna.
700 12 - PUNTO DE ACCESO ADICIONAL--NOMBRE DE PERSONA
Nombre de persona Charliat, Pierre-Jacques
9 (RLIN) 62957
700 12 - PUNTO DE ACCESO ADICIONAL--NOMBRE DE PERSONA
Nombre de persona Parias, Louis-Henri,
Término indicativo de función/relación ed.
9 (RLIN) 62958
700 12 - PUNTO DE ACCESO ADICIONAL--NOMBRE DE PERSONA
Nombre de persona Morales Padrón, Francisco
9 (RLIN) 15719
Existencias
Estado de retiro Estado de pérdida Restricciones de uso No para préstamo Código de colección Localización permanente Ubicación/localización actual Ubicación en estantería Fecha de adquisición Número de inventario Total de préstamos Signatura topográfica completa Código de barras Fecha visto por última vez Precio válido a partir de Tipo de ítem Koha
      Excluido de préstamo Monografías: Libros y Folletos General General En catalogación 24.01.2012 LF1   36677-10 25.06.2020 25.06.2020 No se presta

Con tecnología Koha